书目信息 |
| 题名: |
物理化学综合科及解题指导
|
|
| 作者: | ;人民教育出版社 编著 | |
| 分册: | 物理分册 | |
| 出版信息: | 北京 人民教育出版社 2006 |
|
| 页数: | 285页 | |
| 开本: | 26cm | |
| 丛书名: | 全国各类成人高等学校招生考试丛书 | |
| 单 册: | ||
| 中图分类: | G723.47 | |
| 科图分类: | ||
| 主题词: | 物理--成人教育--升学参考资料 , 物理 | |
| 电子资源: | ||
| ISBN: | 7-107-19237-X | |
| 000 | 00915oam2 2200265 450 | |
| 001 | 1233995344 | |
| 005 | 20121007092736.68 | |
| 010 | @a7-107-19237-X@dCNY20.00 | |
| 100 | @a20060104d2006 em y0chiy50 ea | |
| 101 | 0 | @achi |
| 102 | @aCN@b110000 | |
| 105 | @ay zq 000yy | |
| 200 | 1 | @a物理化学综合科及解题指导@Awu li hua xue zong he ke ji jie ti zhi dao@i物理分册@f人民教育出版社编著 |
| 210 | @a北京@c人民教育出版社@d2006 | |
| 215 | @a285页@d26cm | |
| 225 | 1 | @a全国各类成人高等学校招生考试丛书@e2006年版 |
| 300 | @a教育部高校学生司推荐 | |
| 330 | @a本书介绍了力学、热学、电磁学、光学、原子物理、物理实验、物理解题能力指导等内容。 | |
| 461 | 0 | @12001 @a全国各类成人高等学校招生考试丛书 |
| 606 | 0 | @a物理@x成人教育@j升学参考资料 |
| 606 | 0 | @a物理 |
| 690 | @aG723.47@v4 | |
| 711 | 02 | @a人民教育出版社@Aren min jiao yu chu ban she@4编著 |
| 801 | 0 | @aCN@bNLC@c20101222 |
| 905 | @a10447@dG723.47@eJY115 | |
| 物理化学综合科及解题指导.物理分册/人民教育出版社编著.-北京:人民教育出版社,2006 |
| 285页;26cm.-(全国各类成人高等学校招生考试丛书:2006年版) |
| 教育部高校学生司推荐 |
| ISBN 7-107-19237-X:CNY20.00 |
| 本书介绍了力学、热学、电磁学、光学、原子物理、物理实验、物理解题能力指导等内容。 |
| ● |
| 相关链接 |
|
|
|
|
正题名:物理化学综合科及解题指导
索取号:G723.47/JY115
 
预约/预借
| 序号 | 登录号 | 条形码 | 馆藏地/架位号 | 状态 | 备注 |
| 1 | 7828338 | 278283386 | 学院路分馆/ [索取号:G723.47/JY115] | 在馆 | |
| 2 | 7828339 | 278283395 | 学院路分馆/ [索取号:G723.47/JY115] | 在馆 |